[Event "High Wycombe e2e4 Intermediate op 03"]
[Site "High Wycombe"]
[Date "2012.03.17"]
[Round "2"]
[White "Stanley, William"]
[Black "Wadsworth, James MF"]
[Result "0-1"]
[WhiteElo "1790"]
[BlackElo "1622"]
[PlyCount "106"]
[EventDate "2012.03.16"]
[EventType "swiss"]
[EventRounds "5"]
[EventCountry "ENG"]
[SourceTitle "EXT 2014"]
[Source "ChessBase"]
[SourceDate "2013.11.20"]
[SourceVersion "1"]
[SourceVersionDate "2013.11.20"]
[SourceQuality "1"]

1. d4 d5 2. e3 Bf5 3. Nd2 e6 4. Ngf3 c5 5. c3 Nc6 6. Be2 h6 7. 0-0 Nf6 8. Nh4 Bh7 9. f4 Ne4 10. Nhf3 Bd6 11. Ne5 Ne7 12. Bg4 f5 13. Nxe4 dxe4 14. Qa4+ Kf8 15. Bh5 Bxe5 16. fxe5 g6 17. Be2 cxd4 18. exd4 Kg7 19. Qb3 Qd7 20. Bd2 Rhf8 21. g4 g5 22. gxf5 Bxf5 23. Qd1 Bh3 24. Rxf8 Rxf8 25. Qc2 Qd5 26. Bf1 Rxf1+ 27. Rxf1 Bxf1 28. Kxf1 Nf5 29. b3 e3 30. Be1 Qh1+ 31. Ke2 Qxh2+ 32. Kd3 Qxc2+ 33. Kxc2 g4 34. Kd3 g3 35. Bxg3 Nxg3 36. Kxe3 h5 37. Kf3 Nf5 38. Kf4 Kg6 39. a4 Nh6 40. c4 h4 41. d5 exd5 42. cxd5 Kf7 43. Kf3 a5 44. Kf4 b6 45. Kf3 Nf5 46. Kg4 Ne3+ 47. Kf3 Nxd5 48. Kg4 Ne3+ 49. Kxh4 Nd5 50. Kg3 Ke6 51. Kf3 Kxe5 52. Ke2 Kd4 53. Kd2 Nb4 0-1